Statistics for NBA Top 5 Draft Picks (2010-Present)

Click here to take the quiz!

General Stats

  • This quiz has been taken 106 times
    (56 since last reset)
  • The average score is 51 of 69

Answer Stats

Draft Yr.Pos.Drafted TeamCurrent TeamAnswer% Correct
PGAtlanta HawksDallas MavericksLuca Doncic
100%
PGDallas MavericksAtlanta HawksTrae Young
100%
PGMemphis GrizzliesMemphis GrizzliesJa Morant
98%
SFBoston CelticsBoston CelticsJayson Tatum
96%
2010PGWashington WizardsJohn Wall
96%
PGCharlotte HornetsCharlotte HornetsLaMelo Ball
96%
PGLos Angeles LakersChicago BullsLonzo Ball
96%
2019PFNew Orleans PelicansNew Orleans PelicansZion Williamson
96%
SGBoston CelticsBoston CelticsJaylen Brown
94%
CPhiladelphia 76ersPhiladelphia 76ersJoel Embiid
94%
2014SFCleveland CavaliersGolden State WarriorsAndrew Wiggins
91%
2020SGMinnesota TimberwolvesMinnesota TimberwolvesAnthony Edwards
91%
2018CPhoenix SunsPhoenix SunsDeandre Ayton
91%
2015CMinnesota TimberwolvesMinnesota TimberwolvesKarl-Anthony Towns
91%
2011PGCleveland CavaliersDallas MavericksKyrie Irving
91%
SFLos Angeles LakersNew Orleans PelicansBrandon Ingram
89%
2021PGDetroit PistonsDetroit PistonsCade Cunningham
89%
PGSacramento KingsSacramento KingsDe'Aaron Fox
89%
2017PGPhiladelphia 76ersOrlando MagicMarkelle Fultz
89%
2022PFOrlando MagicOrlando MagicPaolo Banchero
89%
2016PGPhiladelphia 76ersBrooklyn NetsBen Simmons
87%
PGCleveland CavaliersCleveland CavaliersDarius Garland
87%
PFMinnesota TimberwolvesDerrick Williams
87%
PFMemphis GrizzliesMemphis GrizzliesJaren Jackson Jr.
87%
SFChicago BullsChicago BullsPatrick Williams
87%
2023CSan Antonio SpursSan Antonio SpursVictor Wembanyama
87%
2012CNew Orleans PelicansLos Angeles LakersAnthony Davis
85%
SGWashington WizardsPhoenix SunsBradley Beal
85%
PGLos Angeles LakersLos Angeles LakersD'Angelo Russell
85%
CGolden State WarriorsDetroit PistonsJames Wiseman
85%
2013PFCleveland CavaliersAnthony Bennett
83%
SFDetroit PistonsDetroit PistonsAusar Thompson
83%
SGHouston RocketsHouston RocketsJalen Green
83%
PF/COklahoma City ThunderOklahoma City ThunderChet Holmgren
81%
SFPhoenix SunsJosh Jackson
81%
SGNew York KnicksNew York KnicksRJ Barrett Jr.
81%
PFOrlando MagicDenver NuggetsAaron Gordon
79%
PFHouston RocketsHouston RocketsJabari Smith Jr.
79%
SFToronto RaptorsToronto RaptorsScottie Barnes
79%
PFCleveland CavaliersTristan Thompson
79%
CCleveland CavaliersCleveland CavaliersEvan Mobley
77%
PGPortland Trail BlazersPortland Trail BlazersScoot Henderson
77%
PFSacramento KingsDetroit PistonsMarvin Bagley III
74%
CPhiladelphia 76ersJahlil Okafor
72%
SFCharlotte HornetsCharlotte HornetsBrandon Miller
70%
PFSacramento KingsSacramento KingsKeegan Murray
70%
SGOrlando MagicMiami HeatVictor Oladipo
70%
PG/SGDetroit PistonsDetroit PistonsJaden Ivey
68%
PGOrlando MagicOrlando MagicJalen Suggs
66%
CNew York KnicksBoston CelticsKristaps Porzingis
64%
PGHouston RocketsHouston RocketsAmen Thompson
62%
CSacramento KingsDeMarcus Cousins
62%
SF
Washington WizardsToronto RaptorsOtto Porter Jr.
62%
PFMilwaukee BucksJabari Parker
57%
SFLos Angeles LakersAtlanta HawksDe'Andre Hunter
53%
SFCleveland CavaliersCleveland CavaliersIsaac Okoro
53%
CToronto RaptorsNew Orleans PelicansJonas Valanciunas
53%
CPhoenix SunsSacramento KingsAlex Len
51%
SFCharlotte BobcatsMichael Kidd-Gilchrist
51%
PGUtah JazzDallas MavericksDante Exum
49%
CPhoenix SunsDragan Bender
49%
CCharlotte BobcatsMiami HeatCody Zeller
38%
SGPhiladelphia 76ersEvan Turner
38%
PGMinnesota TimberwolvesUtah JazzKris Dunn
38%
PFNew Jersey NetsDerrick Favors
36%
SGCleveland CavaliersDion Waiters
36%
CUtah JazzEnes Kanter
34%
SGOrlando MagicMario Hezonja
26%
PFSacramento KingsThomas Robinson
26%

Score Distribution

Percentile by Number Answered

Percent of People with Each Score

Your Score History

You have not taken this quiz since the last reset